000 00655nam a2200229 a 4500
005 20210223123823.0
008 991125n 000 0 spa u
035 _aUPN01000070152
100 _aFOLLARI, Roberto A.
_935106
222 _aREVISTA DE LA EDUCACION SUPERIOR
245 _aCrítica al modelo teórico de departamentalización
300 _a44-63
362 _a1981 Vol. 10, no. 1(37), ene.-mar.
653 0 _aADMINISTRACION EDUCATIVA
653 0 _aDEPARTAMENTALIZACION
653 0 _aEDUCACION SUPERIOR
653 0 _aUAM
653 0 _aUNIVERSIDADES
700 _aSOMS, Esteban, coaut.
904 _aAC
_b007963
905 _aArticulo
999 _c65252
_d65252